[Event "Peterborough 4NCL Spring"]
[Site "Peterborough"]
[Date "2024.03.25"]
[Round "5"]
[White "Teclaf, Pawel"]
[Black "Kalavannan, Koby"]
[Result "1-0"]
[WhiteElo "2556"]
[BlackElo "2324"]
[PlyCount "67"]
[EventDate "2024.03.23"]
[EventType "tourn"]
[EventRounds "9"]
[EventCountry "ENG"]
[EventCategory "8"]
[SourceTitle "CB13_2024"]
[SourceDate "2024.03.27"]
[SourceVersion "1"]
[SourceVersionDate "2024.03.27"]
[SourceQuality "1"]

1. Nf3 c5 2. b3 Nf6 3. Bb2 g6 4. c4 Bg7 5. g3 0-0 6. Bg2 Nc6 7. 0-0 d5 8. cxd5 Nxd5 9. Bxg7 Kxg7 10. d4 cxd4 11. Nxd4 Nxd4 12. Qxd4+ Nf6 13. Qe5 Qb6 14. Nc3 Be6 15. Na4 Qb4 16. Nc5 Bd5 17. Qxe7 Kg8 18. Qxf6 Bxg2 19. Ne6 fxe6 20. Qxe6+ Kg7 21. Kxg2 Rae8 22. Qd7+ Re7 23. Qd3 h5 24. Rac1 Kh7 25. Rc4 Qa5 26. Re4 Ref7 27. Re6 Rg7 28. Rc1 Rf5 29. Re8 Rgf7 30. f4 Qxa2 31. Qd4 R5f6 32. Qxf6 Rxf6 33. Rc7+ Kh6 34. Rh8# 1-0

[Event "Bremen Jubilee 125 op"]
[Site "Bremen"]
[Date "2024.03.09"]
[Round "8"]
[White "Teclaf, Pawel"]
[Black "Aditya, Mittal"]
[Result "1/2-1/2"]
[WhiteElo "2556"]
[BlackElo "2594"]
[PlyCount "41"]
[EventDate "2024.03.02"]
[EventType "swiss"]
[EventRounds "9"]
[EventCountry "GER"]
[SourceTitle "CB11_2024"]
[SourceDate "2024.03.13"]
[SourceVersion "1"]
[SourceVersionDate "2024.03.13"]
[SourceQuality "1"]

1. Nf3 Nf6 2. c4 c5 3. Nc3 e6 4. g3 d5 5. cxd5 exd5 6. d4 Nc6 7. Bg2 cxd4 8. Nxd4 Bc5 9. Nb3 Bb6 10. 0-0 d4 11. Na4 0-0 12. Bg5 h6 13. Nxb6 axb6 14. Bxf6 Qxf6 15. Bxc6 bxc6 16. Qxd4 Rd8 17. Qxf6 gxf6 18. Rfd1 Rxd1+ 19. Rxd1 Be6 20. Nc1 Bxa2 21. Nxa2 1/2-1/2

[Event "Bremen Jubilee 125 op"]
[Site "Bremen"]
[Date "2024.03.08"]
[Round "7"]
[White "Teclaf, Pawel"]
[Black "Kopylov, Daniel"]
[Result "1-0"]
[WhiteElo "2556"]
[BlackElo "2346"]
[PlyCount "55"]
[EventDate "2024.03.02"]
[EventType "swiss"]
[EventRounds "9"]
[EventCountry "GER"]
[SourceTitle "CB11_2024"]
[SourceDate "2024.03.13"]
[SourceVersion "1"]
[SourceVersionDate "2024.03.13"]
[SourceQuality "1"]

1. c4 c5 2. Nf3 Nf6 3. Nc3 d5 4. cxd5 Nxd5 5. e3 Nxc3 6. dxc3 Qc7 7. e4 Nc6 8. Be3 e6 9. Nd2 Be7 10. Qg4 0-0 11. Qg3 Qxg3 12. hxg3 b6 13. f4 Bb7 14. g4 Rfd8 15. g5 Rd7 16. 0-0-0 Rad8 17. Be2 Bf8 18. Rh3 Ne7 19. Rdh1 Rxd2 20. Bxd2 Bxe4 21. Bf3 Bd3 22. Bd1 e5 23. fxe5 Rd5 24. Bb3 c4 25. Rxd3 Rxd3 26. Bc2 Rd8 27. Bxh7+ Kh8 28. e6 1-0

[Event "Bremen Jubilee 125 op"]
[Site "Bremen"]
[Date "2024.03.05"]
[Round "4"]
[White "Wiegmann, Sascha"]
[Black "Teclaf, Pawel"]
[Result "0-1"]
[WhiteElo "2297"]
[BlackElo "2556"]
[PlyCount "48"]
[EventDate "2024.03.02"]
[EventType "swiss"]
[EventRounds "9"]
[EventCountry "GER"]
[SourceTitle "CB11_2024"]
[SourceDate "2024.03.13"]
[SourceVersion "1"]
[SourceVersionDate "2024.03.13"]
[SourceQuality "1"]

1. e4 c5 2. Nf3 e6 3. d4 cxd4 4. Nxd4 a6 5. Bd3 Ne7 6. 0-0 Nbc6 7. Nb3 g6 8. Nc3 Bg7 9. Bg5 h6 10. Bh4 Ne5 11. f4 g5 12. fxe5 gxh4 13. Nd2 Ng6 14. Nc4 0-0 15. Qe2 b5 16. Ne3 Nxe5 17. Rf2 Bb7 18. Raf1 Qg5 19. Rf4 Ng6 20. Rg4 Qe5 21. g3 h5 22. Rgf4 Nxf4 23. gxf4 Qd4 24. Qf2 f5 0-1

[Event "POL Superleague Rapid Final"]
[Site "Bydgoszcz"]
[Date "2023.11.25"]
[Round "1.23"]
[White "Piorun, Kacper"]
[Black "Teclaf, Pawel"]
[Result "1-0"]
[WhiteElo "2593"]
[BlackElo "2571"]
[PlyCount "100"]
[EventDate "2023.11.25"]
[EventType "team-k.o. (rapid)"]
[EventRounds "2"]
[EventCountry "POL"]
[SourceTitle "CB48_2023"]
[SourceDate "2023.11.29"]
[SourceVersion "1"]
[SourceVersionDate "2023.11.29"]
[SourceQuality "1"]
[WhiteTeam "Katowice Wasko"]
[BlackTeam "Bydgoszcz Gwiazda"]
[WhiteTeamCountry "POL"]
[BlackTeamCountry "POL"]

1. e4 d6 2. d4 Nf6 3. Nc3 c6 4. f4 Qb6 5. e5 Nd5 6. Nf3 Bg4 7. Be2 Nxc3 8. bxc3 e6 9. 0-0 d5 10. h3 Bxf3 11. Rxf3 g6 12. c4 dxc4 13. Bxc4 Nd7 14. Rb3 Qc7 15. a4 Be7 16. Qf3 Rd8 17. Be3 Nb6 18. Bd3 Nd5 19. Bd2 0-0 20. Rab1 b5 21. axb5 c5 22. dxc5 Bxc5+ 23. Kh1 Ne7 24. Rc3 Qb6 25. Ra1 Rc8 26. Ra6 Qb8 27. Rxc5 Rxc5 28. Bb4 Rc7 29. Bd6 Qc8 30. Bxc7 Qxc7 31. Qf2 Nc8 32. h4 Nb6 33. h5 Qe7 34. h6 Rd8 35. Ra1 Kh8 36. Be4 f5 37. exf6 Qxf6 38. Rxa7 Nc4 39. Bd3 Ne5 40. Qg3 Nf7 41. b6 g5 42. fxg5 Nxg5 43. b7 Qxh6+ 44. Qh2 Nh3 45. Qxh3 Qc1+ 46. Kh2 Qf4+ 47. Qg3 Qh6+ 48. Kg1 Qc1+ 49. Bf1 Qb2 50. Ra8 Rxa8 1-0

[Event "EU-chT 24th"]
[Site "Budva"]
[Date "2023.11.20"]
[Round "9.7"]
[White "Macovei, Andrei"]
[Black "Teclaf, Pawel"]
[Result "0-1"]
[WhiteElo "2446"]
[BlackElo "2571"]
[PlyCount "100"]
[EventDate "2023.11.11"]
[EventType "team-swiss"]
[EventRounds "9"]
[EventCountry "MNE"]
[SourceTitle "CB47_2023"]
[SourceDate "2023.11.22"]
[SourceVersion "1"]
[SourceVersionDate "2023.11.22"]
[SourceQuality "1"]
[WhiteTeam "Moldova"]
[BlackTeam "Poland"]
[WhiteTeamCountry "MDA"]
[BlackTeamCountry "POL"]

1. e4 g6 2. d4 Bg7 3. Nf3 d6 4. Nc3 a6 5. a4 Nf6 6. Be2 0-0 7. 0-0 Nc6 8. Re1 b6 9. e5 dxe5 10. Nxe5 Nxd4 11. Bf3 Rb8 12. Bf4 e6 13. Nc6 Nxc6 14. Bxc6 Qxd1 15. Raxd1 Bb7 16. Bxb7 Rxb7 17. Rd3 c6 18. Be5 b5 19. Bxf6 Bxf6 20. b3 Rd8 21. Ne4 Rxd3 22. Nxf6+ Kg7 23. cxd3 Kxf6 24. Kf1 bxa4 25. bxa4 Rb4 26. Rc1 Rxa4 27. Ke2 h5 28. Rxc6 Kf5 29. Ke3 g5 30. h3 h4 31. g3 hxg3 32. fxg3 Ra1 33. Rc5+ Kg6 34. d4 a5 35. d5 exd5 36. Rxd5 a4 37. Kf2 a3 38. Kg2 a2 39. Rd6+ Kg7 40. Ra6 f5 41. Ra7+ Kf6 42. Ra6+ Ke5 43. Ra5+ Ke4 44. Ra4+ Ke3 45. Ra3+ Ke2 46. Ra8 f4 47. Re8+ Kd3 48. Ra8 Ke4 49. Ra4+ Ke3 50. Ra3+ Ke2 0-1

[Event "EU-chT 24th"]
[Site "Budva"]
[Date "2023.11.19"]
[Round "8.7"]
[White "Teclaf, Pawel"]
[Black "Sonis, Francesco"]
[Result "1/2-1/2"]
[WhiteElo "2571"]
[BlackElo "2564"]
[PlyCount "79"]
[EventDate "2023.11.11"]
[EventType "team-swiss"]
[EventRounds "9"]
[EventCountry "MNE"]
[SourceTitle "CB47_2023"]
[SourceDate "2023.11.22"]
[SourceVersion "1"]
[SourceVersionDate "2023.11.22"]
[SourceQuality "1"]
[WhiteTeam "Poland"]
[BlackTeam "Italy"]
[WhiteTeamCountry "POL"]
[BlackTeamCountry "ITA"]

1. d4 Nf6 2. Bg5 e6 3. Nd2 h6 4. Bh4 d5 5. e3 c5 6. c3 Nc6 7. Ngf3 Bd6 8. Bd3 0-0 9. dxc5 Bxc5 10. e4 Be7 11. 0-0 dxe4 12. Nxe4 Nh5 13. Bxe7 Qxe7 14. Re1 Rd8 15. Qc2 b6 16. Rad1 Bb7 17. Bf1 Nf6 18. Nxf6+ Qxf6 19. Bd3 Rac8 20. Qa4 Na5 21. Ne5 Qg5 22. g3 Nc6 23. Nf3 Qf6 24. Be4 Qe7 25. Rxd8+ Qxd8 26. Nd4 Qd7 27. Bg2 a6 28. Bxc6 Bxc6 29. Qxa6 Ba8 30. f3 Qc7 31. Kf2 Rd8 32. Qb5 Bd5 33. a3 e5 34. Nf5 Bc4 35. Qxe5 Rd2+ 36. Kg1 Qxe5 37. Rxe5 Rxb2 38. Nd6 Be6 39. Rb5 Rc2 40. Rxb6 1/2-1/2

[Event "Berlin Radtke Memorial op"]
[Site "Berlin"]
[Date "2023.10.24"]
[Round "2"]
[White "Nemitz, Alfred"]
[Black "Teclaf, Pawel"]
[Result "0-1"]
[WhiteElo "2284"]
[BlackElo "2585"]
[PlyCount "66"]
[EventDate "2023.10.23"]
[EventType "swiss"]
[EventRounds "9"]
[EventCountry "GER"]
[SourceTitle "Mega2024 Update 01"]
[Source "Chessbase"]
[SourceDate "2023.11.12"]
[SourceVersion "1"]
[SourceVersionDate "2023.11.12"]
[SourceQuality "1"]

1. d4 Nf6 2. Nf3 d5 3. c4 c6 4. e3 Bf5 5. Be2 e6 6. 0-0 h6 7. b3 Nbd7 8. Bb2 Be7 9. Nbd2 0-0 10. a3 a5 11. Ne5 Nxe5 12. dxe5 Nd7 13. cxd5 exd5 14. Bg4 Bd3 15. Re1 Bh7 16. e6 Nc5 17. exf7+ Rxf7 18. Bd4 Kh8 19. Nf3 Bd6 20. Ra2 Qe7 21. Bh5 Rf5 22. Bg4 Rff8 23. Ba1 Ne4 24. Qc1 Bf5 25. Bxf5 Rxf5 26. h3 Raf8 27. Ree2 Rxf3 28. gxf3 Qg5+ 29. Kf1 Rxf3 30. Rec2 Bh2 31. Ke2 Rxf2+ 32. Kd3 Nc5+ 33. Rxc5 Qf5+ 0-1

[Event "Bundesliga 2324"]
[Site "Germany"]
[Date "2023.10.21"]
[Round "1.5"]
[White "Teclaf, Pawel"]
[Black "Keymer, Vincent"]
[Result "1/2-1/2"]
[WhiteElo "2585"]
[BlackElo "2717"]
[PlyCount "89"]
[EventDate "2023.10.21"]
[EventType "team-tourn"]
[EventRounds "15"]
[EventCountry "GER"]
[SourceTitle "Mega2024 Update 01"]
[Source "Chessbase"]
[SourceDate "2023.11.12"]
[SourceVersion "1"]
[SourceVersionDate "2023.11.12"]
[SourceQuality "1"]
[WhiteTeam "Kiel Turm"]
[BlackTeam "Baden-Baden"]
[WhiteTeamCountry "GER"]
[BlackTeamCountry "GER"]

1. e4 c5 2. Nf3 d6 3. d4 cxd4 4. Nxd4 Nf6 5. Nc3 a6 6. Be3 e5 7. Nf3 Be7 8. Bc4 0-0 9. 0-0 Nc6 10. Bg5 Be6 11. Bb3 Ne8 12. Bxe7 Nxe7 13. Qe2 h6 14. Rfd1 Qc7 15. Nd2 Rc8 16. Nf1 Nf6 17. Ne3 Rfd8 18. Rac1 Qa5 19. Qd2 Kf8 20. f3 Qc5 21. Qf2 b5 22. Ncd5 Nexd5 23. Nxd5 a5 24. Ne3 a4 25. Bd5 a3 26. Bxe6 axb2 27. Bxc8 bxc1Q 28. Rxc1 Rxc8 29. Rb1 Ra8 30. Qe2 Ra5 31. Rb3 g6 32. c4 b4 33. Qd2 Ra4 34. h3 h5 35. Kh2 Kg8 36. Nf5 Ne8 37. Ne7+ Kg7 38. Nd5 Qa7 39. Nxb4 Qc5 40. Nd5 Rxc4 41. Rb8 Rc2 42. Qg5 Rc1 43. Rxe8 Qg1+ 44. Kg3 Qe1+ 45. Kh2 1/2-1/2

[Event "CRO-chT1B 31st"]
[Site "Veli Losinj"]
[Date "2023.10.14"]
[Round "4.21"]
[White "Dardha, Daniel"]
[Black "Teclaf, Pawel"]
[Result "1/2-1/2"]
[WhiteElo "2580"]
[BlackElo "2585"]
[PlyCount "47"]
[EventDate "2023.10.11"]
[EventType "team-tourn"]
[EventRounds "9"]
[EventCountry "CRO"]
[SourceTitle "Mega2024 Update 01"]
[Source "Chessbase"]
[SourceDate "2023.11.12"]
[SourceVersion "1"]
[SourceVersionDate "2023.11.12"]
[SourceQuality "1"]
[WhiteTeam "Strigova Stridon"]
[BlackTeam "Split Brda"]
[WhiteTeamCountry "CRO"]
[BlackTeamCountry "CRO"]

1. d4 d5 2. Nf3 Nf6 3. c4 dxc4 4. e3 a6 5. Bxc4 e6 6. 0-0 c5 7. Be2 Nbd7 8. Nc3 b6 9. Ne5 Bb7 10. Bf3 Qc7 11. Nxd7 Nxd7 12. d5 Rd8 13. e4 Bd6 14. Bg5 Nf6 15. Bxf6 gxf6 16. g3 0-0 17. Bg2 Be5 18. Qh5 b5 19. Bh3 Kh8 20. dxe6 fxe6 21. Bxe6 Bxc3 22. bxc3 Bxe4 23. Rfe1 f5 24. f3 1/2-1/2

[Event "POL-chT Ekstraliga"]
[Site "Lublin"]
[Date "2023.09.24"]
[Round "7.1"]
[White "Teclaf, Pawel"]
[Black "Dardha, Daniel"]
[Result "1/2-1/2"]
[WhiteElo "2586"]
[BlackElo "2586"]
[PlyCount "72"]
[EventDate "2023.09.18"]
[EventType "team-tourn"]
[EventRounds "9"]
[EventCountry "POL"]
[SourceTitle "EXT 2024"]
[Source "ChessBase"]
[SourceDate "2023.10.10"]
[SourceVersion "1"]
[SourceVersionDate "2023.10.10"]
[SourceQuality "1"]
[WhiteTeam "Bydgoszcz Energia Gwiazda"]
[BlackTeam "Plock Hetman"]
[WhiteTeamCountry "POL"]
[BlackTeamCountry "POL"]

1. Nf3 d5 2. g3 Nc6 3. d4 Bf5 4. Bg2 Nb4 5. Na3 e6 6. 0-0 Nc6 7. Nb1 Nb4 8. Ne1 Be7 9. c3 Nc6 10. Nf3 Nf6 11. Bg5 0-0 12. Nbd2 h6 13. Bxf6 Bxf6 14. Re1 a5 15. e4 Bh7 16. a4 Rb8 17. Qb3 dxe4 18. Nxe4 Bxe4 19. Rxe4 Ne7 20. Ree1 c6 21. Nd2 Nd5 22. Nc4 b5 23. axb5 a4 24. Qa2 cxb5 25. Ne5 Qd6 26. Nd3 Rfd8 27. Rac1 Qb6 28. Be4 Rbc8 29. Re2 Be7 30. Rce1 Bf8 31. Bxd5 Rxd5 32. Nf4 Rd6 33. d5 exd5 34. Nxd5 Qc6 35. Ne7+ Bxe7 36. Rxe7 Rf6 1/2-1/2

[Event "POL-chT Ekstraliga"]
[Site "Lublin"]
[Date "2023.09.23"]
[Round "6.1"]
[White "Fedorchuk, Sergey A"]
[Black "Teclaf, Pawel"]
[Result "1/2-1/2"]
[WhiteElo "2578"]
[BlackElo "2586"]
[PlyCount "40"]
[EventDate "2023.09.18"]
[EventType "team-tourn"]
[EventRounds "9"]
[EventCountry "POL"]
[SourceTitle "EXT 2024"]
[Source "ChessBase"]
[SourceDate "2023.10.10"]
[SourceVersion "1"]
[SourceVersionDate "2023.10.10"]
[SourceQuality "1"]
[WhiteTeam "Raciborz Silesia"]
[BlackTeam "Bydgoszcz Energia Gwiazda"]
[WhiteTeamCountry "POL"]
[BlackTeamCountry "POL"]

1. e4 c6 2. d4 d5 3. exd5 cxd5 4. Bd3 Nf6 5. h3 Nc6 6. c3 e5 7. dxe5 Nxe5 8. Nf3 Nxd3+ 9. Qxd3 Bd6 10. 0-0 0-0 11. Nbd2 Re8 12. Rd1 Ne4 13. Nxe4 dxe4 14. Qxd6 Qxd6 15. Rxd6 exf3 16. Be3 fxg2 17. Kxg2 Bf5 18. Rad1 Be4+ 19. Kg3 f6 20. c4 Rac8 1/2-1/2

[Event "World-chT Rapid"]
[Site "Dusseldorf"]
[Date "2023.08.27"]
[Round "8.6"]
[White "Kramnik, Vladimir"]
[Black "Teclaf, Pawel"]
[Result "1-0"]
[WhiteElo "2753"]
[BlackElo "2586"]
[PlyCount "101"]
[EventDate "2023.08.26"]
[EventType "team-swiss (rapid)"]
[EventRounds "12"]
[EventCountry "GER"]
[SourceTitle "CBM 215 Extra"]
[Source "ChessBase"]
[SourceDate "2023.09.30"]
[SourceVersion "1"]
[SourceVersionDate "2023.09.30"]
[SourceQuality "1"]
[WhiteTeam "Chess Pensioners"]
[BlackTeam "Krakow Columbus Energy"]
[WhiteTeamCountry "USA"]
[BlackTeamCountry "POL"]

1. c4 b6 2. d4 e6 3. e4 Bb4+ 4. Bd2 Bxd2+ 5. Qxd2 d5 6. Nc3 dxe4 7. Nxe4 Bb7 8. Nc3 Nf6 9. 0-0-0 c5 10. d5 0-0 11. h4 exd5 12. cxd5 Na6 13. Bxa6 Bxa6 14. h5 h6 15. Nge2 Re8 16. Ng3 b5 17. Rhe1 Bb7 18. Nxb5 Rxe1 19. Qxe1 Nxd5 20. Qe5 Qg5+ 21. Qxg5 hxg5 22. Nd6 Bc6 23. Nge4 Nf4 24. Nxg5 Bxg2 25. Ndxf7 Bd5 26. Ne5 Re8 27. Ng6 Ne2+ 28. Kd2 Nd4 29. b3 Re2+ 30. Kc3 Bb7 31. Rd2 Re8 32. Kb2 a5 33. f4 Bd5 34. f5 Bc6 35. Rf2 Bd5 36. Nf4 Re5 37. Ng6 Re3 38. Nf4 Re5 39. Nxd5 Rxd5 40. Ne6 Nxf5 41. Nf4 Rd8 42. Ne6 Rd5 43. Rc2 Re5 44. Rxc5 Rxc5 45. Nxc5 Ng3 46. a4 Nxh5 47. b4 axb4 48. a5 Nf4 49. a6 Nd5 50. a7 Nc7 51. Kb3 1-0

[Event "World-chT Rapid"]
[Site "Dusseldorf"]
[Date "2023.08.27"]
[Round "6.5"]
[White "Teclaf, Pawel"]
[Black "Karthik, Venkataraman"]
[Result "1/2-1/2"]
[WhiteElo "2586"]
[BlackElo "2562"]
[PlyCount "75"]
[EventDate "2023.08.26"]
[EventType "team-swiss (rapid)"]
[EventRounds "12"]
[EventCountry "GER"]
[SourceTitle "CBM 215 Extra"]
[Source "ChessBase"]
[SourceDate "2023.09.30"]
[SourceVersion "1"]
[SourceVersionDate "2023.09.30"]
[SourceQuality "1"]
[WhiteTeam "Krakow Columbus Energy"]
[BlackTeam "Six Pack"]
[WhiteTeamCountry "POL"]
[BlackTeamCountry "IND"]

1. Nf3 d5 2. e3 c5 3. b3 Nc6 4. Bb5 f6 5. c4 d4 6. exd4 cxd4 7. Ba3 Nh6 8. 0-0 e5 9. Bxf8 Kxf8 10. d3 Ne7 11. Nbd2 a6 12. Ba4 g5 13. Ne4 Ng6 14. c5 Nf7 15. b4 g4 16. Nfd2 f5 17. Ng3 h5 18. Bb3 h4 19. Ne2 Ng5 20. f4 gxf3 21. Nxf3 Nxf3+ 22. gxf3 f4 23. Kh1 h3 24. Qd2 Bf5 25. Rg1 Rc8 26. Be6 Bxe6 27. Rxg6 Bf7 28. Nxf4 exf4 29. Qxf4 Rc6 30. Rd6 Rxd6 31. cxd6 Rh4 32. Qe5 Rh6 33. Rc1 Rxd6 34. Qh8+ Ke7 35. Qe5+ Kf8 36. Qh8+ Ke7 37. Qe5+ Kf8 38. Qh8+ 1/2-1/2

[Event "World-chT Rapid"]
[Site "Dusseldorf"]
[Date "2023.08.26"]
[Round "2.7"]
[White "Moreby, James"]
[Black "Teclaf, Pawel"]
[Result "0-1"]
[WhiteElo "2279"]
[BlackElo "2586"]
[PlyCount "92"]
[EventDate "2023.08.26"]
[EventType "team-swiss (rapid)"]
[EventRounds "12"]
[EventCountry "GER"]
[SourceTitle "CBM 215 Extra"]
[Source "ChessBase"]
[SourceDate "2023.09.30"]
[SourceVersion "1"]
[SourceVersionDate "2023.09.30"]
[SourceQuality "1"]
[WhiteTeam "The Sharks"]
[BlackTeam "Krakow Columbus Energy"]
[WhiteTeamCountry "ENG"]
[BlackTeamCountry "POL"]

1. c4 b6 2. Nc3 Bb7 3. d4 e6 4. e4 Bb4 5. f3 Ne7 6. Bd3 e5 7. a3 Bxc3+ 8. bxc3 Nbc6 9. Ne2 d6 10. 0-0 0-0 11. Be3 Ba6 12. Ng3 Qd7 13. Qe2 Na5 14. f4 exf4 15. Rxf4 Qe6 16. d5 Qe5 17. Rc1 f6 18. Rg4 Ng6 19. h4 Qe8 20. h5 Ne5 21. Nf5 Rf7 22. Rg3 Kh8 23. Bd4 Bc8 24. Nh4 Re7 25. Ng6+ Nxg6 26. hxg6 h6 27. Qh5 Re5 28. Bxe5 Qxe5 29. Qxe5 dxe5 30. Rb1 Nb7 31. Re3 Kg8 32. Be2 Kf8 33. Kf1 Ke7 34. Ke1 Kd6 35. Kd2 Nc5 36. Rb5 Bd7 37. Rb1 Be8 38. Bh5 Rd8 39. Rbe1 Nb7 40. Rb1 Kc5 41. Kd3 Nd6 42. Rb4 a5 43. Re2 b5 44. cxb5 axb4 45. axb4+ Kb6 46. c4 Nxc4 0-1

[Event "World-chT Rapid"]
[Site "Dusseldorf"]
[Date "2023.08.26"]
[Round "4.9"]
[White "Teclaf, Pawel"]
[Black "Duda, Jan Krzysztof"]
[Result "0-1"]
[WhiteElo "2586"]
[BlackElo "2732"]
[PlyCount "132"]
[EventDate "2023.08.26"]
[EventType "team-swiss (rapid)"]
[EventRounds "12"]
[EventCountry "GER"]
[SourceTitle "CBM 215 Extra"]
[Source "ChessBase"]
[SourceDate "2023.09.30"]
[SourceVersion "1"]
[SourceVersionDate "2023.09.30"]
[SourceQuality "1"]
[WhiteTeam "Krakow Columbus Energy"]
[BlackTeam "WR Chess"]
[WhiteTeamCountry "POL"]
[BlackTeamCountry "GER"]

1. Nf3 d5 2. e3 Nf6 3. c4 e6 4. b3 Be7 5. Bb2 0-0 6. Nc3 dxc4 7. Bxc4 a6 8. Be2 c5 9. d4 Nbd7 10. 0-0 b5 11. dxc5 Nxc5 12. b4 Ncd7 13. a4 bxa4 14. Qxa4 Bb7 15. Nd4 Qb6 16. b5 Rfc8 17. Rfb1 Nc5 18. Qa5 Qxa5 19. Rxa5 Bd8 20. Ra2 a5 21. Nc6 Bxc6 22. bxc6 Rab8 23. Bb5 Nd5 24. Nxd5 Rxb5 25. c7 exd5 26. cxd8Q+ Rxd8 27. Rd1 Nb3 28. g3 Rc8 29. Ba3 f6 30. Rd3 Kf7 31. Kg2 Rc4 32. Rb2 a4 33. Ra2 g5 34. h3 h5 35. Rd1 Ke6 36. Rd3 Na5 37. Rd1 Nc6 38. Kf1 g4 39. hxg4 hxg4 40. Rda1 Rb8 41. Bc1 Ne5 42. Ke2 Ra8 43. Rb1 Ra6 44. Rba1 Kf5 45. Rb1 Nf3 46. Rba1 Rac6 47. Kd1 Ra6 48. Rb1 Ng5 49. Bb2 Rb6 50. Rba1 Ne4 51. Ke1 Rc2 52. Bd4 Rb1+ 53. Rxb1 Rxa2 54. Rb5 Rxf2 55. Rxd5+ Ke6 56. Ra5 Ra2 57. Kd1 a3 58. Kc1 Kf7 59. Ra6 Rf2 60. Rxa3 Nxg3 61. Kd1 Ne4 62. Ra7+ Kg6 63. Ra8 g3 64. Ke1 g2 65. Rg8+ Kf7 66. Rg4 Rf1+ 0-1

[Event "Ustron op-A"]
[Site "Ustron"]
[Date "2023.08.19"]
[Round "9"]
[White "Teclaf, Pawel"]
[Black "Godzwon, Iwo"]
[Result "1/2-1/2"]
[WhiteElo "2586"]
[BlackElo "2402"]
[PlyCount "57"]
[EventDate "2023.08.11"]
[EventType "swiss"]
[EventRounds "9"]
[EventCountry "POL"]
[SourceTitle "CBM 215 Extra"]
[Source "ChessBase"]
[SourceDate "2023.09.30"]
[SourceVersion "1"]
[SourceVersionDate "2023.09.30"]
[SourceQuality "1"]

1. Nf3 Nf6 2. b3 b6 3. g3 Bb7 4. Bg2 c5 5. c4 e6 6. 0-0 Be7 7. d4 cxd4 8. Qxd4 Nc6 9. Qf4 d5 10. Nc3 Bd6 11. Qh4 Ne7 12. cxd5 Nexd5 13. Bb2 0-0 14. Nxd5 Nxd5 15. Qh5 Qe7 16. Rad1 Ba3 17. Ba1 Rad8 18. Qg4 Nf6 19. Qa4 Bc5 20. Ne5 Bxg2 21. Kxg2 Qb7+ 22. Qc6 Qxc6+ 23. Nxc6 Rc8 24. Ne5 Rc7 25. Nc4 b5 26. Be5 Rc6 27. Nb2 Ba3 28. Bxf6 gxf6 29. Rd2 1/2-1/2

[Event "Ustron op-A"]
[Site "Ustron"]
[Date "2023.08.18"]
[Round "8"]
[White "Teclaf, Pawel"]
[Black "Heberla, Bartlomiej"]
[Result "1/2-1/2"]
[WhiteElo "2586"]
[BlackElo "2560"]
[PlyCount "44"]
[EventDate "2023.08.11"]
[EventType "swiss"]
[EventRounds "9"]
[EventCountry "POL"]
[SourceTitle "CBM 215 Extra"]
[Source "ChessBase"]
[SourceDate "2023.09.30"]
[SourceVersion "1"]
[SourceVersionDate "2023.09.30"]
[SourceQuality "1"]

1. Nf3 Nf6 2. g3 g6 3. Bg2 Bg7 4. d4 0-0 5. c4 d6 6. Nc3 c6 7. 0-0 Bf5 8. b3 Ne4 9. Bb2 Nxc3 10. Bxc3 Be4 11. e3 d5 12. Bh3 c5 13. Ng5 Nc6 14. cxd5 Qxd5 15. Nxe4 Qxe4 16. Bg2 Qf5 17. Rc1 cxd4 18. exd4 Rfd8 19. d5 Bxc3 20. Rxc3 Nb4 21. Re1 Nxd5 22. Rd3 e6 1/2-1/2